Нейрофитнес и восточные оздоровительные гимнастики в системе физического воспитания вузов (Запись № 13731776)

Подробности
000 -МАРКЕР
контрольное поле 02243nam0a2200385 4500
001 - ИДЕНТИФИКАТОР ЗАПИСИ
контрольное поле RU\NLR\BIBL_A\022763616
005 - ИДЕНТИФИКАТОР ВЕРСИИ
контрольное поле 20260615151737.0
010 ## - МЕЖДУНАРОДНЫЙ СТАНДАРТНЫЙ НОМЕР КНИГИ (ISBN)
Номер (ISBN) 978-5-00261-707-4
Тираж 500
021 ## - НОМЕР ГОСУДАРСТВЕННОЙ РЕГИСТРАЦИИ
Код страны Российская Федерация
Номер КН-П-26-004659
Номер Листа государственной регистраци КН-П-26-0440
035 ## - ДРУГИЕ СИСТЕМНЫЕ НОМЕРА
Идентификатор записи (NLR Aleph) 022763616
100 ## - ДАННЫЕ ОБЩЕЙ ОБРАБОТКИ
Данные общей обработки 20260323d2025 u y0rusy50 ca
101 0# - ЯЗЫК РЕСУРСА
Язык текста, звукозаписи и т.д. русский
102 ## - СТРАНА ПУБЛИКАЦИИ ИЛИ ПРОИЗВОДСТВА
Страна публикации Российская Федерация
105 ## - ПОЛЕ КОДИРОВАННЫХ ДАННЫХ: ТЕКСТОВЫЕ МАТЕРИАЛЫ, МОНОГРАФИЧЕСКИЕ
Кодированные данные о монографическом текстовом документе a j 000yy
181 #0 - ПОЛЕ КОДИРОВАННЫХ ДАННЫХ: ВИД СОДЕРЖАНИЯ
Код вида содержания (ISBD) i
Код характеристики содержания (ISBD) axxe
182 #0 - ПОЛЕ КОДИРОВАННЫХ ДАННЫХ: ТИП СРЕДСТВА
Код типа средства (ISBD) n - непосредственное
200 1# - ЗАГЛАВИЕ И СВЕДЕНИЯ ОБ ОТВЕТСТВЕННОСТИ
Основное заглавие Нейрофитнес и восточные оздоровительные гимнастики в системе физического воспитания вузов
Сведения, относящиеся к заглавию учебное пособие
Первые сведения об ответственности О. Л. Постол, В. В. Орлов, А. Е. Алимжанов
203 ## - ВИД СОДЕРЖАНИЯ И ТИП СРЕДСТВА
Вид содержания Текст
Дополнительные сведения об издании визуальный
Тип средства непосредственный
210 ## - ПУБЛИКАЦИЯ, РАСПРОСТРАНЕНИЕ И ДР.
Место издания, распространения и т.д. Курск
Имя издателя, распространителя и т. д. Университетская книга
Дата издания, распространения и т.д. 2025
215 ## - ФИЗИЧЕСКАЯ ХАРАКТЕРИСТИКА
Специфическое обозначение материала и объем 127 с.
Другие сведения о физической характеристике ил.
Размеры 21
320 ## - ПРИМЕЧАНИЯ О НАЛИЧИИ В ДОКУМЕНТЕ БИБЛИОГРАФИИ / УКАЗАТЕЛЯ
Текст примечания Библиогр.: с. 125–127 (21 назв.)
606 1# - НАИМЕНОВАНИЕ ТЕМЫ КАК ПРЕДМЕТ
Наименование темы Гимнастика
Формальный подзаголовок Учебные издания для высших учебных заведений
Тематический подзаголовок Обучение
-- Высшая школа
Системный номер авторитетной/нормативной записи 1461121
Идентификатор авторитетной/нормативной записи RU\NLR\AUTH\66310392
606 1# - НАИМЕНОВАНИЕ ТЕМЫ КАК ПРЕДМЕТ
Наименование темы Оздоровительная физическая культура
Формальный подзаголовок Учебные издания для высших учебных заведений
Тематический подзаголовок Высшая школа
Системный номер авторитетной/нормативной записи 2383989
Идентификатор авторитетной/нормативной записи RU\NLR\AUTH\6601642979
606 1# - НАИМЕНОВАНИЕ ТЕМЫ КАК ПРЕДМЕТ
Наименование темы Студенты
Формальный подзаголовок Учебные издания для высших учебных заведений
Тематический подзаголовок Здоровье
-- Влияние гимнастики
Системный номер авторитетной/нормативной записи 2713300
Идентификатор авторитетной/нормативной записи RU\NLR\AUTH\6601771878
686 1# - ИНДЕКСЫ ДРУГИХ КЛАССИФИКАЦИЙ
Индекс Ч511.153.18я73
686 1# - ИНДЕКСЫ ДРУГИХ КЛАССИФИКАЦИЙ
Индекс Ч486.73-1гимнастика.я73
686 1# - ИНДЕКСЫ ДРУГИХ КЛАССИФИКАЦИЙ
Индекс Р124.61я73
700 #1 - ИМЯ ЛИЦА - ПЕРВИЧНАЯ ОТВЕТСТВЕННОСТЬ
Начальный элемент ввода Постол
Часть имени, кроме начального элемента ввода О. Л.
Расширение инициалов личного имени Ольга Львовна
701 #1 - ИМЯ ЛИЦА - АЛЬТЕРНАТИВНАЯ ОТВЕТСТВЕННОСТЬ
Графика поля Кириллица
Материалы, к которым относится поле rus
Начальный элемент ввода Орлов
Часть имени, кроме начального элемента ввода В. В.
Дополнения к именам, кроме дат канд. пед. наук, физ. воспитание
Расширение инициалов личного имени Владимир Владимирович
Системный номер авторитетной/нормативной записи 48500
Идентификатор авторитетной/нормативной записи RU\NLR\AUTH\7765571
701 #1 - ИМЯ ЛИЦА - АЛЬТЕРНАТИВНАЯ ОТВЕТСТВЕННОСТЬ
Начальный элемент ввода Алимжанов
Часть имени, кроме начального элемента ввода А. Е.
Дополнения к именам, кроме дат канд. пед. наук, физ. воспитание
Расширение инициалов личного имени Аслан Есембаевич
Системный номер авторитетной/нормативной записи 2710547
Идентификатор авторитетной/нормативной записи RU\NLR\AUTH\770294044
942 ## - ДОПОЛНИТЕЛЬНЫЕ ЭЛЕМЕНТЫ ЗАПИСИ (АБИС)
Тип экземпляра АБИС Книга
980 ## - КОЛЛЕКЦИЯ
Название коллекции Национальная библиография

Нет доступных экземпляров.